[Event "M?R 2020 v bleskovém ?achu druzstev"]
[Site "Turnov"]
[Date "2020.09.12"]
[Round "4.7"]
[White "Fryc KVA, Miroslav"]
[Black "Kusa MOR_A, Jakub"]
[Result "0-1"]
[BlackElo "1998"]
[WhiteElo "2178"]
[LiveChessVersion "1.4.8"]

1. e4 {[%clk 0:03:03]} e5 {[%clk 0:03:03]} 2. f4 {[%clk 0:03:00]} exf4
{[%clk 0:03:03]} 3. Bc4 {[%clk 0:03:01]} d6 {[%clk 0:02:56]} 4. d4
{[%clk 0:02:59]} Nf6 {[%clk 0:02:51]} 5. Nc3 {[%clk 0:02:59]} Bg4
{[%clk 0:02:28]} 6. Nf3 {[%clk 0:02:41]} Nc6 {[%clk 0:02:24]} 7. Bxf4
{[%clk 0:02:35]} Bxf3 {[%clk 0:02:19]} 8. gxf3 {[%clk 0:02:36]} Be7
{[%clk 0:02:07]} 9. Rg1 {[%clk 0:02:12]} Nh5 {[%clk 0:02:06]} 10. Bg3
{[%clk 0:02:13]} Nxg3 {[%clk 0:01:45]} 11. hxg3 {[%clk 0:02:13]} Bf6
{[%clk 0:01:45]} 12. Ne2 {[%clk 0:02:12]} Qd7 {[%clk 0:01:27]} 13. Qd2
{[%clk 0:01:56]} a6 {[%clk 0:01:17]} 14. O-O-O {[%clk 0:01:55]} O-O-O
{[%clk 0:01:11]} 15. Qc3 {[%clk 0:01:34]} g6 {[%clk 0:00:42]} 16. Kb1
{[%clk 0:01:34]} Bg7 {[%clk 0:00:43]} 17. Qa3 {[%clk 0:01:12]} Nb8
{[%clk 0:00:19]} 18. Rd3 {[%clk 0:01:00]} c6 {[%clk 0:00:14]} 19. Rgd1
{[%clk 0:00:18]} d5 {[%clk 0:00:10]} 20. exd5 {[%clk 0:00:14]} cxd5
{[%clk 0:00:12]} 21. Bb3 {[%clk 0:00:15]} Bf8 {[%clk 0:00:07]} 22. Qa5
{[%clk 0:00:16]} Nc6 {[%clk 0:00:06]} 23. Qd2 {[%clk 0:00:04]} Nb4
{[%clk 0:00:03]} 24. Re3 {[%clk 0:00:06]} Kb8 {[%clk 0:00:04]} 25. c3
{[%clk 0:00:07]} Nc6 {[%clk 0:00:05]} 26. Nf4 {[%clk 0:00:08]} Bh6
{[%clk 0:00:06]} 27. Nxd5 {[%clk 0:00:08]} Bxe3 {[%clk 0:00:07]} 28. Nxe3
{[%clk 0:00:07]} f5 {[%clk 0:00:05]} 29. Nc4 {[%clk 0:00:08]} Qc7
{[%clk 0:00:04]} 30. Ba4 {[%clk 0:00:09]} b5 {[%clk 0:00:04]} 31. Bb3 0-1

[Event "M?R 2020 v bleskovém ?achu druzstev"]
[Site "Turnov"]
[Date "2020.09.12"]
[Round "4.8"]
[White "Pychova MOR_A, Nela"]
[Black "Musil KVA, Miroslav"]
[Result "1-0"]
[BlackElo "2036"]
[WhiteElo "2159"]
[LiveChessVersion "1.4.8"]

1. c4 {[%clk 0:03:02]} c5 {[%clk 0:03:02]} 2. Nc3 {[%clk 0:03:03]} Nc6
{[%clk 0:03:03]} 3. g3 {[%clk 0:03:04]} g6 {[%clk 0:03:04]} 4. Bg2
{[%clk 0:03:06]} Bg7 {[%clk 0:03:04]} 5. Nf3 {[%clk 0:03:07]} e5 {[%clk 0:03:01]}
6. O-O {[%clk 0:03:05]} Nge7 {[%clk 0:03:02]} 7. Ne1 {[%clk 0:03:04]} O-O
{[%clk 0:02:55]} 8. Nc2 {[%clk 0:03:05]} d6 {[%clk 0:02:51]} 9. Ne3
{[%clk 0:03:05]} Rb8 {[%clk 0:02:45]} 10. Ned5 {[%clk 0:02:48]} f5
{[%clk 0:02:31]} 11. Rb1 {[%clk 0:02:42]} Nxd5 {[%clk 0:02:18]} 12. Nxd5
{[%clk 0:02:26]} Be6 {[%clk 0:01:59]} 13. d3 {[%clk 0:02:06]} h6 {[%clk 0:01:38]}
14. b4 {[%clk 0:01:54]} cxb4 {[%clk 0:01:30]} 15. Nxb4 {[%clk 0:01:54]} Qc7
{[%clk 0:01:26]} 16. Nd5 {[%clk 0:01:51]} Bxd5 {[%clk 0:01:26]} 17. Bxd5+
{[%clk 0:01:49]} Kh7 {[%clk 0:01:27]} 18. Ba3 {[%clk 0:01:18]} Ne7
{[%clk 0:01:13]} 19. Bg2 {[%clk 0:01:16]} b6 {[%clk 0:01:14]} 20. Qb3
{[%clk 0:01:13]} f4 {[%clk 0:01:06]} 21. Be4 {[%clk 0:00:38]} Nf5
{[%clk 0:00:58]} 22. Bb2 {[%clk 0:00:11]} Rf7 {[%clk 0:00:35]} 23. Qb5
{[%clk 0:00:11]} Rbf8 {[%clk 0:00:31]} 24. Qc6 {[%clk 0:00:09]} Qxc6
{[%clk 0:00:28]} 25. Bxc6 {[%clk 0:00:08]} Ne7 {[%clk 0:00:17]} 26. Be4
{[%clk 0:00:07]} Nf5 {[%clk 0:00:12]} 27. Bc3 {[%clk 0:00:08]} h5
{[%clk 0:00:08]} 28. a4 {[%clk 0:00:08]} Rc8 {[%clk 0:00:04]} 29. a5
{[%clk 0:00:08]} bxa5 {[%clk 0:00:04]} 30. Rb5 {[%clk 0:00:08]} Rcc7
{[%clk 0:00:05]} 31. Rxa5 {[%clk 0:00:08]} Rb7 {[%clk 0:00:06]} 32. Bxb7
{[%clk 0:00:05]} Rxb7 {[%clk 0:00:08]} 33. Ra6 {[%clk 0:00:05]} Bf8
{[%clk 0:00:08]} 34. Rfa1 {[%clk 0:00:06]} fxg3 {[%clk 0:00:06]} 35. hxg3
{[%clk 0:00:07]} h4 {[%clk 0:00:08]} 36. gxh4 Nxh4 {[%clk 0:00:09]} 37. Rxa7
{[%clk 0:00:08]} Rxa7 {[%clk 0:00:10]} 38. Rxa7+ {[%clk 0:00:09]} Kh6
{[%clk 0:00:10]} 39. Kh2 {[%clk 0:00:10]} Kg5 {[%clk 0:00:12]} 40. Kg3
{[%clk 0:00:10]} Nf5+ {[%clk 0:00:13]} 41. Kh2 {[%clk 0:00:10]} Ne7
{[%clk 0:00:14]} 42. Bd2+ {[%clk 0:00:11]} Kf5 {[%clk 0:00:15]} 43. Ra6
{[%clk 0:00:11]} Ng8 {[%clk 0:00:14]} 44. Ra8 {[%clk 0:00:11]} Bh6
{[%clk 0:00:13]} 45. Bxh6 {[%clk 0:00:11]} Nxh6 {[%clk 0:00:14]} 46. Ra6
{[%clk 0:00:11]} Ke6 {[%clk 0:00:15]} 47. Kg3 {[%clk 0:00:12]} Nf5+
{[%clk 0:00:16]} 48. Kg2 {[%clk 0:00:12]} Nd4 {[%clk 0:00:17]} 49. e3
{[%clk 0:00:13]} Nf5 {[%clk 0:00:18]} 50. Kf3 {[%clk 0:00:13]} Ke7
{[%clk 0:00:19]} 51. Ke2 {[%clk 0:00:13]} g5 {[%clk 0:00:20]} 52. Ra8
{[%clk 0:00:13]} Ke6 {[%clk 0:00:21]} 53. Rg8 {[%clk 0:00:13]} Kf6
{[%clk 0:00:22]} 54. Kd2 {[%clk 0:00:12]} Ne7 {[%clk 0:00:22]} 55. Rd8
{[%clk 0:00:12]} Ke6 {[%clk 0:00:24]} 56. Kc3 {[%clk 0:00:12]} Nc6
{[%clk 0:00:23]} 57. Rg8 {[%clk 0:00:13]} Kf6 {[%clk 0:00:24]} 58. d4
{[%clk 0:00:13]} Ne7 59. Ra8 {[%clk 0:00:13]} Ke6 {[%clk 0:00:25]} 60. d5+
{[%clk 0:00:12]} Kf6 {[%clk 0:00:24]} 61. Rd8 {[%clk 0:00:12]} Nf5
{[%clk 0:00:24]} 62. Rf8+ {[%clk 0:00:12]} Kg6 {[%clk 0:00:25]} 63. Kb4
{[%clk 0:00:09]} Nh4 {[%clk 0:00:24]} 64. c5 {[%clk 0:00:10]} dxc5+
{[%clk 0:00:20]} 65. Kxc5 {[%clk 0:00:11]} g4 {[%clk 0:00:20]} 66. d6
{[%clk 0:00:11]} Nf5 67. Rxf5 {[%clk 0:00:10]} Kxf5 {[%clk 0:00:22]} 68. d7
{[%clk 0:00:11]} Ke4 {[%clk 0:00:23]} 69. d8=Q {[%clk 0:00:11]} Kf3
{[%clk 0:00:25]} 70. Qf8+ {[%clk 0:00:09]} Ke2 {[%clk 0:00:25]} 71. Kd5
{[%clk 0:00:09]} 1-0

[Event "M?R 2020 v bleskovém ?achu druzstev"]
[Site "Turnov"]
[Date "2020.09.12"]
[Round "5.1"]
[White "Natsidis DEC, Christoph"]
[Black "Kraus TUR_A, Tomas"]
[Result "0-1"]
[BlackElo "2417"]
[WhiteElo "2261"]
[LiveChessVersion "1.4.8"]

1. d4 {[%clk 0:03:03]} d5 {[%clk 0:03:04]} 2. c4 {[%clk 0:03:04]} e6
{[%clk 0:03:05]} 3. Nc3 {[%clk 0:03:06]} Bb4 {[%clk 0:03:06]} 4. e3
{[%clk 0:03:05]} c5 {[%clk 0:03:06]} 5. a3 {[%clk 0:03:03]} Bxc3+
{[%clk 0:03:06]} 6. bxc3 {[%clk 0:03:05]} Nf6 {[%clk 0:03:06]} 7. cxd5
{[%clk 0:03:04]} exd5 {[%clk 0:03:05]} 8. Bd3 {[%clk 0:02:56]} O-O
{[%clk 0:03:04]} 9. Ne2 {[%clk 0:02:57]} Nc6 {[%clk 0:02:42]} 10. Ng3
{[%clk 0:02:52]} Re8 {[%clk 0:02:33]} 11. O-O {[%clk 0:02:52]} Ne4
{[%clk 0:01:55]} 12. Nxe4 {[%clk 0:02:28]} dxe4 {[%clk 0:01:55]} 13. Be2
{[%clk 0:02:30]} Be6 {[%clk 0:01:43]} 14. Rb1 {[%clk 0:01:59]} Na5
{[%clk 0:01:40]} 15. Qa4 {[%clk 0:01:55]} c4 {[%clk 0:01:30]} 16. Rd1
{[%clk 0:01:45]} Bd5 {[%clk 0:01:28]} 17. Qb4 {[%clk 0:01:21]} Rc8
{[%clk 0:01:21]} 18. Qb2 {[%clk 0:00:50]} Qd7 {[%clk 0:01:18]} 19. Qb5
{[%clk 0:00:41]} Qd8 {[%clk 0:01:10]} 20. Bg4 {[%clk 0:00:35]} Rc6
{[%clk 0:01:04]} 21. Bd7 {[%clk 0:00:21]} Qxd7 {[%clk 0:00:55]} 22. Qxa5
{[%clk 0:00:22]} a6 {[%clk 0:00:45]} 23. Qb4 {[%clk 0:00:19]} Rg6
{[%clk 0:00:41]} 24. Qb2 {[%clk 0:00:08]} Qh3 {[%clk 0:00:34]} 25. g3
{[%clk 0:00:09]} Rh6 {[%clk 0:00:35]} 26. f4 {[%clk 0:00:10]} exf3
{[%clk 0:00:32]} 27. Qf2 {[%clk 0:00:11]} Rhe6 {[%clk 0:00:16]} 28. a4
{[%clk 0:00:09]} h5 {[%clk 0:00:17]} 29. a5 {[%clk 0:00:06]} h4 {[%clk 0:00:17]}
30. Rb6 {[%clk 0:00:07]} Rxb6 {[%clk 0:00:16]} 31. axb6 Re6 {[%clk 0:00:18]} 32.
e4 {[%clk 0:00:08]} Rxe4 {[%clk 0:00:16]} 33. Bf4 {[%clk 0:00:07]} Re2
{[%clk 0:00:16]} 0-1

[Event "M?R 2020 v bleskovém ?achu druzstev"]
[Site "Turnov"]
[Date "2020.09.12"]
[Round "5.2"]
[White "Simacek TUR_A, Pavel"]
[Black "Buchcar DEC, Tomas"]
[Result "1/2-1/2"]
[BlackElo "2043"]
[WhiteElo "2407"]
[LiveChessVersion "1.4.8"]

1. e4 {[%clk 0:03:02]} c6 {[%clk 0:03:03]} 2. d4 {[%clk 0:03:01]} d5
{[%clk 0:03:04]} 3. Nd2 {[%clk 0:03:00]} dxe4 {[%clk 0:03:02]} 4. Nxe4
{[%clk 0:03:01]} Nf6 {[%clk 0:03:01]} 5. Nxf6+ {[%clk 0:02:59]} exf6
{[%clk 0:03:02]} 6. c3 {[%clk 0:03:00]} Bd6 {[%clk 0:03:02]} 7. Bd3
{[%clk 0:03:01]} O-O {[%clk 0:02:58]} 8. Ne2 {[%clk 0:02:58]} Bg4
{[%clk 0:02:53]} 9. f3 {[%clk 0:02:53]} Bh5 {[%clk 0:02:52]} 10. Ng3
{[%clk 0:02:53]} Bg6 {[%clk 0:02:53]} 11. Nf5 {[%clk 0:02:48]} Re8+
{[%clk 0:02:39]} 12. Kf2 {[%clk 0:02:47]} Qc7 {[%clk 0:01:57]} 13. Nxd6
{[%clk 0:02:43]} Qxd6 {[%clk 0:01:58]} 14. Bxg6 {[%clk 0:02:27]} hxg6
{[%clk 0:01:59]} 15. Be3 {[%clk 0:02:21]} Nd7 {[%clk 0:01:57]} 16. Qd2
{[%clk 0:02:19]} Nb6 {[%clk 0:01:50]} 17. b3 {[%clk 0:02:14]} Nd5
{[%clk 0:01:46]} 18. Rae1 {[%clk 0:02:15]} Nxe3 {[%clk 0:01:26]} 19. Rxe3
{[%clk 0:02:15]} Rxe3 {[%clk 0:01:27]} 20. Qxe3 {[%clk 0:02:15]} Qa3
{[%clk 0:01:27]} 21. Qe2 {[%clk 0:02:12]} Rd8 {[%clk 0:01:22]} 22. Rd1
{[%clk 0:02:11]} Kf8 {[%clk 0:01:08]} 23. Kg1 {[%clk 0:02:05]} Re8
{[%clk 0:01:07]} 24. Qd2 {[%clk 0:02:04]} Qa6 {[%clk 0:01:06]} 25. Kf2
{[%clk 0:02:01]} Qa5 {[%clk 0:01:04]} 26. Re1 {[%clk 0:01:59]} Re6
{[%clk 0:00:57]} 27. g3 {[%clk 0:01:38]} Qh5 {[%clk 0:00:55]} 28. Kg2
{[%clk 0:01:37]} Qa5 {[%clk 0:00:51]} 29. Rxe6 {[%clk 0:01:29]} fxe6
{[%clk 0:00:51]} 30. Kf2 {[%clk 0:01:30]} Kf7 {[%clk 0:00:51]} 31. f4
{[%clk 0:01:28]} Qd5 {[%clk 0:00:48]} 32. Kg1 {[%clk 0:01:25]} Qf3
{[%clk 0:00:48]} 1/2-1/2

[Event "M?R 2020 v bleskovém ?achu druzstev"]
[Site "Turnov"]
[Date "2020.09.12"]
[Round "5.3"]
[White "Babicka DEC, Michal"]
[Black "Vykouk TUR_A, Jan"]
[Result "0-1"]
[BlackElo "2374"]
[WhiteElo "2076"]
[LiveChessVersion "1.4.8"]

1. e4 {[%clk 0:03:03]} c5 {[%clk 0:03:03]} 2. Nf3 {[%clk 0:03:04]} d6
{[%clk 0:03:04]} 3. d4 {[%clk 0:03:06]} cxd4 {[%clk 0:03:05]} 4. Nxd4
{[%clk 0:03:07]} Nf6 {[%clk 0:03:06]} 5. Nc3 {[%clk 0:03:08]} a6 {[%clk 0:03:08]}
6. Bg5 {[%clk 0:03:09]} e6 {[%clk 0:03:08]} 7. f4 {[%clk 0:03:09]} h6
{[%clk 0:03:06]} 8. Bh4 {[%clk 0:03:11]} Be7 {[%clk 0:03:07]} 9. Qf3
{[%clk 0:03:12]} Qc7 {[%clk 0:03:06]} 10. O-O-O {[%clk 0:03:10]} b5
{[%clk 0:03:06]} 11. a3 {[%clk 0:02:37]} Bb7 {[%clk 0:03:06]} 12. g4
{[%clk 0:02:38]} Nbd7 {[%clk 0:02:59]} 13. Bxf6 {[%clk 0:02:33]} Nxf6
{[%clk 0:02:46]} 14. Bd3 {[%clk 0:02:15]} Nd7 {[%clk 0:02:42]} 15. h4
{[%clk 0:02:01]} Rc8 {[%clk 0:02:43]} 16. g5 {[%clk 0:01:59]} Nc5
{[%clk 0:02:07]} 17. Kb1 {[%clk 0:01:46]} h5 {[%clk 0:02:04]} 18. g6
{[%clk 0:01:38]} f5 {[%clk 0:02:02]} 19. Rde1 {[%clk 0:01:30]} Bf6
{[%clk 0:02:00]} 20. Qe3 {[%clk 0:01:16]} fxe4 {[%clk 0:01:26]} 21. Bxe4
{[%clk 0:01:00]} Nxe4 {[%clk 0:01:13]} 22. Nxe4 {[%clk 0:01:00]} Bxd4
{[%clk 0:01:08]} 23. Qxd4 {[%clk 0:00:52]} Qxc2+ {[%clk 0:01:07]} 24. Ka1
{[%clk 0:00:54]} O-O {[%clk 0:01:08]} 25. Rhg1 {[%clk 0:00:41]} Rxf4
{[%clk 0:00:54]} 26. Qxd6 {[%clk 0:00:10]} Rxe4 {[%clk 0:00:50]} 27. Qd7 0-1

[Event "M?R 2020 v bleskovém ?achu druzstev"]
[Site "Turnov"]
[Date "2020.09.12"]
[Round "5.4"]
[White "Studnicka TUR_A, Tomas"]
[Black "Janda DEC, Zdenek"]
[Result "0-1"]
[BlackElo "2027"]
[WhiteElo "2155"]
[LiveChessVersion "1.4.8"]

1. d4 {[%clk 0:03:04]} Nf6 {[%clk 0:03:01]} 2. c4 {[%clk 0:03:04]} d6
{[%clk 0:03:00]} 3. Nf3 {[%clk 0:03:04]} g6 {[%clk 0:02:59]} 4. Nc3
{[%clk 0:03:02]} Bg7 {[%clk 0:02:59]} 5. e4 {[%clk 0:02:59]} Nc6 {[%clk 0:02:57]}
6. Be2 {[%clk 0:02:59]} O-O {[%clk 0:02:52]} 7. O-O {[%clk 0:02:59]} e5
{[%clk 0:02:51]} 8. d5 {[%clk 0:03:01]} Ne7 {[%clk 0:02:49]} 9. b4
{[%clk 0:03:01]} a5 {[%clk 0:02:47]} 10. Ba3 {[%clk 0:02:50]} axb4
{[%clk 0:02:40]} 11. Bxb4 {[%clk 0:02:51]} b6 {[%clk 0:02:35]} 12. a4
{[%clk 0:02:52]} Nh5 {[%clk 0:02:30]} 13. a5 {[%clk 0:02:45]} bxa5
{[%clk 0:02:15]} 14. Bxa5 {[%clk 0:02:44]} Ba6 {[%clk 0:02:03]} 15. Nb5
{[%clk 0:02:44]} Bxb5 {[%clk 0:01:58]} 16. cxb5 {[%clk 0:02:45]} Nf4
{[%clk 0:01:53]} 17. Qc2 {[%clk 0:02:23]} Qd7 {[%clk 0:01:47]} 18. Rfc1
{[%clk 0:02:12]} Qg4 {[%clk 0:01:18]} 19. Bf1 {[%clk 0:02:09]} Bh6
{[%clk 0:00:56]} 20. Bxc7 {[%clk 0:02:00]} Nh3+ 21. Kh1 Bxc1 {[%clk 0:00:36]} 22.
Rxc1 {[%clk 0:02:03]} Nc8 {[%clk 0:00:30]} 23. b6 {[%clk 0:02:02]} Ra5
{[%clk 0:00:28]} 24. Qe2 {[%clk 0:01:49]} Nxb6 {[%clk 0:00:09]} 25. Bxb6
{[%clk 0:01:46]} Ra4 {[%clk 0:00:10]} 26. gxh3 {[%clk 0:01:44]} Qf4
{[%clk 0:00:09]} 27. Be3 {[%clk 0:01:44]} Qxe4 {[%clk 0:00:09]} 28. Bg2
{[%clk 0:01:44]} Qxd5 {[%clk 0:00:04]} 29. Rd1 {[%clk 0:01:45]} Qb3
{[%clk 0:00:03]} 30. Ng5 {[%clk 0:01:42]} Ra2 {[%clk 0:00:03]} 31. Qg4
{[%clk 0:01:41]} h5 {[%clk 0:00:03]} 32. Qh4 {[%clk 0:01:29]} Qxd1+
{[%clk 0:00:03]} 0-1

[Event "M?R 2020 v bleskovém ?achu druzstev"]
[Site "Turnov"]
[Date "2020.09.12"]
[Round "5.5"]
[White "Mudra BAK, Pavel"]
[Black "Petr LIN, Martin"]
[Result "0-1"]
[BlackElo "2415"]
[WhiteElo "2233"]
[LiveChessVersion "1.4.8"]

1. d4 {[%clk 0:03:03]} Nf6 {[%clk 0:03:03]} 2. e3 {[%clk 0:03:03]} g6
{[%clk 0:03:03]} 3. Nf3 {[%clk 0:03:04]} Bg7 {[%clk 0:03:03]} 4. Be2
{[%clk 0:03:03]} d5 {[%clk 0:03:04]} 5. O-O {[%clk 0:03:02]} O-O {[%clk 0:03:04]}
6. b3 {[%clk 0:03:03]} c5 {[%clk 0:03:03]} 7. Bb2 {[%clk 0:03:04]} b6
{[%clk 0:03:01]} 8. dxc5 {[%clk 0:03:04]} bxc5 {[%clk 0:03:01]} 9. c4
{[%clk 0:03:04]} e6 {[%clk 0:02:56]} 10. Nc3 {[%clk 0:03:00]} Bb7
{[%clk 0:02:46]} 11. cxd5 {[%clk 0:02:59]} exd5 {[%clk 0:02:43]} 12. Na4
{[%clk 0:02:52]} Nbd7 {[%clk 0:02:43]} 13. Rc1 {[%clk 0:02:51]} Rc8
{[%clk 0:02:42]} 14. Qd2 {[%clk 0:02:44]} Re8 {[%clk 0:02:36]} 15. Rfd1
{[%clk 0:02:42]} Ne4 {[%clk 0:02:16]} 16. Qc2 {[%clk 0:02:44]} Qe7
{[%clk 0:02:13]} 17. Bb5 {[%clk 0:02:34]} Bxb2 {[%clk 0:01:56]} 18. Qxb2
{[%clk 0:02:31]} Red8 {[%clk 0:01:52]} 19. Bxd7 {[%clk 0:02:16]} Rxd7
{[%clk 0:01:51]} 20. Ne5 {[%clk 0:02:17]} Rdd8 {[%clk 0:01:25]} 21. Ng4
{[%clk 0:02:05]} h5 {[%clk 0:01:24]} 22. Ne5 {[%clk 0:01:57]} Re8
{[%clk 0:01:16]} 23. Nd3 {[%clk 0:01:40]} c4 {[%clk 0:01:07]} 24. Nf4
{[%clk 0:01:37]} Qb4 {[%clk 0:01:01]} 25. Rd4 {[%clk 0:01:32]} c3
{[%clk 0:00:51]} 26. Qc2 {[%clk 0:01:23]} Qa3 {[%clk 0:00:36]} 27. Ne2
{[%clk 0:00:56]} Ba6 {[%clk 0:00:17]} 28. Nexc3 {[%clk 0:00:52]} Rc6
{[%clk 0:00:12]} 29. Qb1 {[%clk 0:00:17]} Rec8 {[%clk 0:00:13]} 30. Rxd5
{[%clk 0:00:04]} Nxc3 {[%clk 0:00:12]} 31. Nxc3 {[%clk 0:00:04]} Rxc3
{[%clk 0:00:13]} 32. Rcd1 {[%clk 0:00:05]} Rc1 {[%clk 0:00:14]} 33. Qe4 0-1

[Event "M?R 2020 v bleskovém ?achu druzstev"]
[Site "Turnov"]
[Date "2020.09.12"]
[Round "5.6"]
[White "Turner LIN, Radek"]
[Black "Jordanov BAK, Mihail"]
[Result "1-0"]
[BlackElo "1591"]
[WhiteElo "2077"]
[LiveChessVersion "1.4.8"]

1. c4 {[%clk 0:03:02]} Nf6 {[%clk 0:03:02]} 2. g3 {[%clk 0:03:03]} e5
{[%clk 0:03:01]} 3. Bg2 {[%clk 0:03:03]} Nc6 {[%clk 0:02:59]} 4. Nc3
{[%clk 0:03:04]} Bb4 {[%clk 0:02:59]} 5. Nd5 {[%clk 0:03:02]} Bc5
{[%clk 0:02:56]} 6. e3 {[%clk 0:03:02]} d6 {[%clk 0:02:48]} 7. Ne2
{[%clk 0:03:02]} Nxd5 {[%clk 0:02:41]} 8. cxd5 {[%clk 0:03:02]} Ne7
{[%clk 0:02:42]} 9. O-O {[%clk 0:02:52]} O-O {[%clk 0:02:42]} 10. d4
{[%clk 0:02:51]} exd4 {[%clk 0:02:25]} 11. Nxd4 {[%clk 0:02:51]} Bxd4
{[%clk 0:01:52]} 12. Qxd4 {[%clk 0:02:51]} Ng6 {[%clk 0:01:51]} 13. e4
{[%clk 0:02:46]} Qe7 {[%clk 0:01:38]} 14. b3 {[%clk 0:02:43]} f5 {[%clk 0:01:30]}
15. exf5 {[%clk 0:02:39]} Bxf5 {[%clk 0:01:26]} 16. Bb2 {[%clk 0:02:39]} Rae8
{[%clk 0:01:23]} 17. Bc3 {[%clk 0:02:23]} Qe5 {[%clk 0:00:57]} 18. Qc4
{[%clk 0:01:50]} Qe7 {[%clk 0:00:51]} 19. Rae1 {[%clk 0:01:47]} Qd7
{[%clk 0:00:47]} 20. Qd4 {[%clk 0:01:43]} Ne5 {[%clk 0:00:36]} 21. Re3
{[%clk 0:01:33]} Ng4 {[%clk 0:00:34]} 22. Rxe8 {[%clk 0:01:28]} Rxe8
{[%clk 0:00:35]} 23. h3 {[%clk 0:01:23]} Ne5 {[%clk 0:00:35]} 24. g4
{[%clk 0:01:12]} Bg6 {[%clk 0:00:30]} 25. f4 {[%clk 0:01:08]} c5 {[%clk 0:00:16]}
26. dxc6 {[%clk 0:01:07]} Nxc6 {[%clk 0:00:16]} 27. Qd2 {[%clk 0:00:54]} Be4
{[%clk 0:00:15]} 28. Bxe4 {[%clk 0:00:41]} Rxe4 {[%clk 0:00:16]} 29. Qd5+
{[%clk 0:00:42]} Qe6 {[%clk 0:00:11]} 30. Qxe6+ {[%clk 0:00:43]} Rxe6 31. Kf2 d5
{[%clk 0:00:08]} 32. Rd1 {[%clk 0:00:42]} d4 {[%clk 0:00:08]} 33. Bxd4
{[%clk 0:00:40]} Rd6 34. Ke3 Nb4 35. Ke4 Nxa2 36. Ra1 Ra6 37. Rd1 Nb4 38. Be5 Nc6
39. Rd7 Nxe5 40. fxe5 Rb6 1-0

[Event "M?R 2020 v bleskovém ?achu druzstev"]
[Site "Turnov"]
[Date "2020.09.12"]
[Round "5.7"]
[White "Hulin BAK, Petr"]
[Black "Blecha LIN, Miroslav"]
[Result "1-0"]
[BlackElo "2152"]
[WhiteElo "2029"]
[LiveChessVersion "1.4.8"]

1. d4 {[%clk 0:03:03]} Nf6 {[%clk 0:03:03]} 2. Nf3 {[%clk 0:03:02]} e6
{[%clk 0:03:04]} 3. e3 {[%clk 0:03:03]} b6 {[%clk 0:03:02]} 4. Bd3
{[%clk 0:03:04]} Bb7 {[%clk 0:03:03]} 5. Nbd2 {[%clk 0:03:05]} d5
{[%clk 0:03:04]} 6. O-O {[%clk 0:03:03]} Be7 {[%clk 0:03:03]} 7. Qe2
{[%clk 0:03:03]} O-O {[%clk 0:03:01]} 8. e4 {[%clk 0:02:59]} dxe4
{[%clk 0:03:02]} 9. Nxe4 {[%clk 0:03:00]} Nbd7 {[%clk 0:02:50]} 10. Re1
{[%clk 0:03:00]} c5 {[%clk 0:02:41]} 11. c3 {[%clk 0:02:56]} cxd4
{[%clk 0:02:36]} 12. cxd4 {[%clk 0:02:57]} Nd5 {[%clk 0:02:07]} 13. Neg5
{[%clk 0:02:42]} N7f6 {[%clk 0:01:55]} 14. Ne5 {[%clk 0:02:28]} Qd6
{[%clk 0:01:14]} 15. Ne4 {[%clk 0:02:09]} Nxe4 {[%clk 0:00:59]} 16. Qxe4
{[%clk 0:02:09]} f5 {[%clk 0:01:00]} 17. Qe2 {[%clk 0:02:01]} Nb4
{[%clk 0:00:51]} 18. Nc4 {[%clk 0:01:40]} Qd5 {[%clk 0:00:44]} 19. Qxe6+
{[%clk 0:01:38]} Qxe6 {[%clk 0:00:42]} 20. Rxe6 {[%clk 0:01:39]} Nxd3
{[%clk 0:00:38]} 21. Rxe7 {[%clk 0:01:35]} Rae8 {[%clk 0:00:38]} 22. Rxe8
{[%clk 0:01:25]} Rxe8 {[%clk 0:00:39]} 23. Be3 {[%clk 0:01:26]} Bd5
{[%clk 0:00:37]} 24. Nd6 {[%clk 0:01:17]} Rd8 {[%clk 0:00:35]} 25. Nxf5
{[%clk 0:01:17]} Nxb2 {[%clk 0:00:35]} 26. Ne7+ {[%clk 0:01:11]} Kf8
{[%clk 0:00:34]} 27. Nxd5 {[%clk 0:01:11]} Rxd5 {[%clk 0:00:36]} 28. Rc1
{[%clk 0:01:10]} Rd7 {[%clk 0:00:36]} 29. Kf1 {[%clk 0:01:05]} Nd3
{[%clk 0:00:32]} 30. Rb1 {[%clk 0:00:58]} Rc7 {[%clk 0:00:30]} 31. Ke2
{[%clk 0:00:48]} Rc3 {[%clk 0:00:22]} 32. Bd2 {[%clk 0:00:36]} Ra3
{[%clk 0:00:24]} 33. Rb3 {[%clk 0:00:35]} Rxb3 {[%clk 0:00:21]} 34. axb3 Nb2
{[%clk 0:00:14]} 35. Bc3 {[%clk 0:00:36]} 1-0

[Event "M?R 2020 v bleskovém ?achu druzstev"]
[Site "Turnov"]
[Date "2020.09.12"]
[Round "5.8"]
[White "Janocko LIN, Petr"]
[Black "Richter BAK, Martin"]
[Result "1-0"]
[BlackElo "1960"]
[WhiteElo "2133"]
[LiveChessVersion "1.4.8"]

1. d4 {[%clk 0:03:02]} Nf6 {[%clk 0:03:03]} 2. c4 {[%clk 0:03:03]} e6
{[%clk 0:03:04]} 3. Nf3 {[%clk 0:03:04]} Bb4+ {[%clk 0:03:05]} 4. Bd2
{[%clk 0:03:05]} c5 {[%clk 0:03:06]} 5. g3 {[%clk 0:03:06]} O-O {[%clk 0:03:02]}
6. a3 {[%clk 0:03:02]} Bxd2+ {[%clk 0:03:02]} 7. Nbxd2 {[%clk 0:03:00]} cxd4
{[%clk 0:02:57]} 8. Nxd4 {[%clk 0:03:01]} d5 {[%clk 0:02:59]} 9. Bg2
{[%clk 0:02:56]} Nc6 {[%clk 0:02:55]} 10. Nxc6 {[%clk 0:02:45]} bxc6
{[%clk 0:02:55]} 11. O-O {[%clk 0:02:45]} Rb8 {[%clk 0:02:53]} 12. b4
{[%clk 0:02:40]} a5 {[%clk 0:02:51]} 13. Qa4 {[%clk 0:02:37]} axb4
{[%clk 0:02:45]} 14. axb4 {[%clk 0:02:35]} Bd7 {[%clk 0:02:20]} 15. Qa5
{[%clk 0:02:31]} Ra8 {[%clk 0:01:47]} 16. Qc5 {[%clk 0:02:28]} Rb8
{[%clk 0:01:24]} 17. Ra6 {[%clk 0:02:10]} Re8 {[%clk 0:01:00]} 18. Rfa1
{[%clk 0:02:09]} Qe7 {[%clk 0:00:56]} 19. Rb6 {[%clk 0:01:29]} Qxc5
{[%clk 0:00:37]} 20. bxc5 {[%clk 0:01:30]} Ra8 {[%clk 0:00:38]} 21. Rba6
{[%clk 0:01:10]} Rxa6 {[%clk 0:00:35]} 22. Rxa6 {[%clk 0:01:11]} Kf8
{[%clk 0:00:30]} 23. e4 d4 {[%clk 0:00:13]} 24. e5 {[%clk 0:01:05]} Ng8
{[%clk 0:00:14]} 25. Bxc6 {[%clk 0:01:06]} Bxc6 {[%clk 0:00:15]} 26. Rxc6
{[%clk 0:01:06]} Ne7 {[%clk 0:00:16]} 27. Rd6 {[%clk 0:01:07]} Rc8
{[%clk 0:00:16]} 28. f4 {[%clk 0:01:02]} Nf5 {[%clk 0:00:16]} 29. Rd7
{[%clk 0:01:00]} Rxc5 {[%clk 0:00:17]} 30. Ne4 {[%clk 0:00:58]} Rxc4
{[%clk 0:00:16]} 31. Nd6 {[%clk 0:00:57]} Nh6 {[%clk 0:00:14]} 32. Nxc4
{[%clk 0:00:56]} 1-0